| 000 | 00578nam a2200169 4500 | ||
|---|---|---|---|
| 001 | 107823 | ||
| 003 | ES-MaACL | ||
| 007 | t| | ||
| 008 | 061121s1931 fr r ||||1| fre d | ||
| 100 | 1 |
_aMoulonguet-Doleris, P. _983866 |
|
| 245 | 1 | 0 |
_aAppareil génital de la femme / _cpremier partie par P. Moulonguet-Doleris, S. Dobkevitch. |
| 260 |
_aParís : _bMasson et Cie, _c1931. |
||
| 300 |
_aXVI, 284 p., 2 lám : _bil. ; _c23 cm. |
||
| 500 | _aEs el tomo II de Les diagnostiques anatomo-cliniques de P. Lecène. | ||
| 700 | 1 |
_aDobkevitch, S. _944934 |
|
| 852 |
_aES-MaACL _jC-6706 |
||
| 999 |
_c107823 _d107823 |
||